| 000 | 01551nam a22003977a 4500 | ||
|---|---|---|---|
| 003 | CHAP | ||
| 005 | 20220329135452.0 | ||
| 008 | 971013s1994 r 00010 d | ||
| 010 | _a37031 | ||
| 011 | _a38003 | ||
| 035 | _a42123 | ||
| 040 | _cCHAP | ||
| 090 | _aFolleto 14402 (1994) | ||
| 110 |
_aConservación Internacional México, A. C. _927337 |
||
| 245 | _aListado del acervo documental de la Selva Lacandona, en la Oficina Regional de Chiapas de Conservación Internacional México, A.C. | ||
| 260 |
_aMéxico, D.F. : _bCIM, _c1994 |
||
| 300 | _a51 p. | ||
| 590 |
_aBATCH-UPD _b10 _c20130109 _lUCH01 _h2333 |
||
| 590 |
_aBATCH-UPD _b10 _c20130110 _lUCH01 _h0110 |
||
| 590 |
_aBATCH-UPD _b10 _c20130110 _lUCH01 _h2141 |
||
| 590 |
_aBATCH-UPD _b10 _c20130409 _lUCH01 _h1900 |
||
| 590 |
_aBATCH-UPD _b10 _c20130410 _lUCH01 _h1450 |
||
| 590 |
_aBATCH-UPD _b10 _c20130914 _lUCH01 _h0711 |
||
| 590 |
_aCONVERSION _b10 _c20130109 _lUCH01 _h1321 |
||
| 650 | 1 | 4 |
_aBosques _xPreservación _xBibliografía. _914368 |
| 650 | 1 | 4 |
_aBosques _xTrópicos _xBibliografía. _914402 |
| 650 | 1 | 4 |
_aLacandones _xBibliografía. _964322 |
| 650 | 1 | 4 |
_aRecursos forestales _xConservación _xBibliografía. _995045 |
| 650 | 1 | 4 |
_aRecursos naturales _xConservación _xBibliografía. _995226 |
| 650 | 1 | 4 |
_aRecursos naturales _xConservación _xChiapas _xBibliografía. _995228 |
| 650 | 1 | 4 |
_aSelvas _xChiapas _xBibliografía. _9103824 |
| 650 | 1 | 4 |
_aSuelos _xBibliografía _xChiapas. _9110218 |
| 901 | _aBK | ||
| 942 | _cFOLL | ||
| 949 |
_aFolleto 14402 (1994) _bBC _cFOLL _d-96811 _eTS1 _i42123 _si |
||
| 999 |
_c37031 _d37031 |
||